| 000 | 00403nam a22001457a 4500 | ||
|---|---|---|---|
| 020 | _a978-969-496-263-3 | ||
| 040 | _cNUST | ||
| 082 | _a808.81,AHM | ||
| 100 |
_aAhmad, Faraz _99905 |
||
| 245 |
_aMeray Khwab Raiza Raiza /میرے خواب ریزہ ریزہ (Urdu) / _cAhmad Faraz |
||
| 260 |
_aIslamabad _bDost _c2014 |
||
| 300 | _a158 p.; | ||
| 650 | _aUrdu Literature | ||
| 942 |
_2ddc _cBK _k808.81,AHM |
||
| 999 |
_c593488 _d593488 |
||